000 00317nam a2200133Ia 4500
008 240624s9999 xx 000 0 und d
041 _aeng
082 _a823 BAS
100 _aBASU TAPAN
245 _aTRANSLATING CASTE
260 _c2002
_aNew Delhi
_bKatha
300 _axxxv, : 262 : p. : cm. ; 22
365 _cRS
_b75
999 _c7750
_d7750